Random MLB Baseball Team Logos - Statistics

General Stats
  • This quiz has been taken 58 times
  • The average score is 7 of 8
Answer Stats
Picture Answer % Correct
Atlanta Braves
100%
Baltimore Orioles
100%
Boston Red Sox
100%
Colorado Rockies
100%
Houston Astros
100%
Kansas City Royals
100%
Los Angeles Angels
100%
Los Angeles Dodgers
100%
Philadelphia Phillies
100%
Pittsburgh Pirates
100%
Seattle Mariners
100%
St. Louis Cardinals
100%
Toronto Blue Jays
100%
New York Mets
92%
San Francisco Giants
92%
New York Yankees
90%
Milwaukee Brewers
89%
Minnesota Twins
89%
Tampa Bay Rays
89%
Chicago Cubs
83%
Detroit Tigers
83%
Miami Marlins
83%
Washington Nationals
83%
Cleveland Guardians
81%
Arizona Diamondbacks
79%
Athletics
75%
Chicago White Sox
75%
San Diego Padres
75%
Texas Rangers
75%
Cincinnati Reds
73%
No matching quizzes found
Score Distribution
Percent of People with Each Score
Percentile by Number Answered
Your Score History
You have not taken this quiz